| 000 | 00693nam a2200205 a 4500 | ||
|---|---|---|---|
| 005 | 20220916063558.0 | ||
| 008 | 140401s2007 mx r 000 0 spa d | ||
| 020 | _a9788467517781 | ||
| 035 | _aUPN01000196753 | ||
| 049 | _aI | ||
| 050 | 4 |
_aPZ8.9 _bZ5.3 |
|
| 100 | 1 |
_aZiefert, Harriet, _d1941- _935282 |
|
| 245 | 1 | 0 |
_a41 cosas que solo hacen las abuelas / _cHarriet Ziefert ; il. de Amanda Haley ; tr. de Teresa Tellechea. |
| 260 |
_aMadrid : _bSM, _c2007. |
||
| 300 |
_a[30] p. : _bprincipalmente il. col. |
||
| 534 |
_pTítulo original : _t41 uses for a Grandma |
||
| 650 | 7 |
_aAbuelas _vLiteratura infantil _2 _94408 |
|
| 650 | 7 |
_aLibros ilustrados para niños _2 _921365 |
|
| 905 | _aInfantil | ||
| 999 |
_c168854 _d168854 |
||